000 00317nam a2200109 4500
008 160629b xxu||||| |||| 00| 0 eng d
100 _91317
_a Gupta, B.L
245 _aIntroductory Micro & Macro Economics - XII
260 _aN.D
_b Arya
_c2005
300 _aIntroductory Micro & Macro Economics - XII
942 _2ddc
_cBK
999 _c1077
_d1077